000
00292nam a2200085Ia 4500
008
160617s9999 xx 000 0 und d
245
_a
Journal of Radiology Case Reports
650
_a
RADIOLOGIC TECHNOLOGY
856
_u
http://www.radiologycases.com/index.php/radiologycases/issue/view/121/showToc
999
_c
296050
_d
296050